La lettera ai Romani / (Record n. 357743)

Dettagli MARC
000 -LEADER
fixed length control field 01333nam a2200289 i 4500
001 - CONTROL NUMBER
control field 000000075575
003 - CONTROL NUMBER IDENTIFIER
control field IT-MiSPE
005 - DATE AND TIME OF LATEST TRANSACTION
control field 20180120112045.0
008 - FIXED-LENGTH DATA ELEMENTS--GENERAL INFORMATION
fixed length control field 041027s1970 it u000 u ita d
040 ## - CATALOGING SOURCE
Original cataloging agency IT-RoPUS
Language of cataloging ita
Transcribing agency IT-MiSPE
041 1# - LANGUAGE CODE
Language code of text/sound track or separate title ita
Language code of original ger
100 1# - MAIN ENTRY--PERSONAL NAME
Personal name Althaus, Paul.
9 (RLIN) 1691
Relator term autore
Relator code aut
240 10 - UNIFORM TITLE
Uniform title Brief an die Römer.
Language of a work Italiano
245 13 - TITLE STATEMENT
Title La lettera ai Romani /
Statement of responsibility, etc. commento di Paul Althaus ; traduzione italiana di Giovanni Torti.
250 ## - EDITION STATEMENT
Edition statement Ed. italiana /
Remainder of edition statement a cura di Omero Soffritti.
260 ## - PUBLICATION, DISTRIBUTION, ETC. (IMPRINT)
Place of publication, distribution, etc. Brescia :
Name of publisher, distributor, etc. Paideia,
Date of publication, distribution, etc. 1970.
300 ## - PHYSICAL DESCRIPTION
Extent 285 p. ;
Dimensions 21 cm
490 1# - SERIES STATEMENT
Series statement Nuovo Testamento ;
Volume/sequential designation 6
700 1# - ADDED ENTRY--PERSONAL NAME
Personal name Soffritti, Omero.
9 (RLIN) 74861
Relator term curatore
Relator code edt
730 0# - ADDED ENTRY--UNIFORM TITLE
Uniform title Biblia.
Name of part/section of a work N.T.
-- Ad Romanos.
Language of a work Italiano.
9 (RLIN) 94424
830 #0 - SERIES ADDED ENTRY--UNIFORM TITLE
Uniform title Nuovo Testamento (Paideia) ;
Volume number/sequential designation 6.
9 (RLIN) 56737
942 ## - ADDED ENTRY ELEMENTS (KOHA)
Institution code [OBSOLETE] Cinisello Balsamo
Koha item type LIBRO
Source of classification or shelving scheme Dewey Decimal Classification
Dati di copia
Withdrawn status Lost status Source of classification or shelving scheme Damaged status Not for loan Home library Current library Date acquired Total Checkouts Full call number Barcode Date last seen Price effective from Koha item type
    Dewey Decimal Classification Buone Condizioni Not For Loan CINISELLO CINISELLO 20/01/2018   227.1 Rm ALT pa (23085) 9788839401595 20/01/2018 20/01/2018 LIBRO
CREDITS: SOCIETA' SAN PAOLO Via A.Severo, 58 - ROMA (RM) & PERIODICI SAN PAOLO SRL Via Giotto, 36 MILANO & CISF Via Giotto, 36 MILANO & EDIZIONI SAN PAOLO SRL,  Piazza Soncino, 5 CINISELLO BALSAMO (MI) -- ITALY